000 00434nam a2200121Ia 4500
008 200902s9999 xx 000 0 und d
020 _a978-640-406-207-2
100 _aPunzalan , Michelle D.
245 _cMichele Duya Punzalan, Marilou C. Mondina.--
_aPhysical education 2 :
_bFitness Exercise /
260 _aManila :
_bMindshapers Co., Inc.
_c2019
300 _ax , 128 pages :
_billustrations ;
_c23 cm.
650 _aPhysical education
999 _c363975
_d363975